Advanced International Trade Finance (Record no. 3008)
[ view plain ]
| 005 - DATE AND TIME OF LATEST TRANSACTION | |
|---|---|
| control field | 20250602115748.0 |
| 020 ## - INTERNATIONAL STANDARD BOOK NUMBER | |
| International Standard Book Number | 9987-694-19-05 |
| 100 ## - MAIN ENTRY--PERSONAL NAME | |
| Author name | SATTA, T.A |
| 245 ## - TITLE STATEMENT | |
| Title | Advanced International Trade Finance |
| 260 ## - PUBLICATION, DISTRIBUTION, ETC. | |
| Place of publication, distribution, etc. | Dar es Salaam |
| Name of publisher, distributor, etc. | The Tanzania Institute of Bankers |
| Date of publication, distribution, etc. | 2009 |
| 300 ## - PHYSICAL DESCRIPTION | |
| Extent | vi, 246p.: ill; tables |
| Other physical details | Bibliography |
| Dimensions | 25.2 cm |
| 942 ## - ADDED ENTRY ELEMENTS (KOHA) | |
| Source of classification or shelving scheme | Dewey Decimal Classification |
| Koha item type | Books |
| Date last seen | Total checkouts | Full call number | Barcode | Cost, replacement price | Price effective from | Koha item type | Lost status | Source of classification or shelving scheme | Damaged status | Not for loan | Withdrawn status | Home library | Current library | Shelving location | Date acquired | Cost, normal purchase price | Date last checked out | Source of acquisition |
|---|---|---|---|---|---|---|---|---|---|---|---|---|---|---|---|---|---|---|
| 06/02/2025 | 382 TAD | MBY00077 | 90000.00 | 06/02/2025 | Books | Dewey Decimal Classification | CBE MBEYA | CBE MBEYA | Special Reserve Collection | 06/02/2025 | 30000.00 | |||||||
| 04/14/2026 | 1 | 321.1 SAT | MBY000679 | 90000.00 | 06/24/2025 | Books | Dewey Decimal Classification | CBE MBEYA | CBE MBEYA | General Collection | 06/24/2025 | 30000.00 | 04/14/2026 | PURCHASE | ||||
| 04/14/2026 | 1 | 321.1 SAT | MBY000680 | 90000.00 | 06/24/2025 | Books | Dewey Decimal Classification | CBE MBEYA | CBE MBEYA | General Collection | 06/24/2025 | 30000.00 | 04/14/2026 | PURCHASE | ||||
| 06/28/2025 | 382 SAT | MBY000855 | 45000.00 | 06/28/2025 | Books | Dewey Decimal Classification | CBE MBEYA | CBE MBEYA | General Collection | 07/04/2022 | 15000.00 | PURCHASE | ||||||
| 06/28/2025 | 382 TAD | MBY000915 | 45000.00 | 06/28/2025 | Books | Dewey Decimal Classification | CBE MBEYA | CBE MBEYA | General Collection | 07/04/2022 | 15000.00 | PURCHASE |
